• AIU
  • Tony Wilmot Memorial Library

Layidukura. (Record no. 39988)

MARC details
000 -LEADER
fixed length control field 00673nam a22002051a 4500
005 - DATE AND TIME OF LATEST TRANSACTION
control field 20110718133134.0
008 - FIXED-LENGTH DATA ELEMENTS--GENERAL INFORMATION
fixed length control field 091005s 001 0 eng d
020 ## - INTERNATIONAL STANDARD BOOK NUMBER
International Standard Book Number 9966409513 :
Terms of availability 0.00
040 ## - CATALOGING SOURCE
Original cataloging agency NEGST Library - Kenya
050 #4 - LIBRARY OF CONGRESS CALL NUMBER
Classification number BS 325.J83 1996
082 0# - DEWEY DECIMAL CLASSIFICATION NUMBER
Classification number BS 325.J83 1996
100 1# - MAIN ENTRY--PERSONAL NAME
Personal name Alliance Biblique du Burkina Faso.
245 10 - TITLE STATEMENT
Title Layidukura.
260 ## - PUBLICATION, DISTRIBUTION, ETC. (IMPRINT)
Place of publication, distribution, etc Ouagadougou :
Name of publisher, distributor, etc Alliance Biblique du Bur
300 ## - PHYSICAL DESCRIPTION
Extent iv, 101 p. : ill.
500 ## - GENERAL NOTE
General note "Le Nouveau Testament en jula, Burkina Faso." - T.p. verso. [Africana]
600 10 - SUBJECT ADDED ENTRY--PERSONAL NAME
Personal name Bible. N.T. Jula. 1996.
600 10 - SUBJECT ADDED ENTRY--PERSONAL NAME
Personal name Jula language - Texts.
852 ## - LOCATION/CALL NUMBER
-- 4.00
Holdings
Withdrawn status Lost status Source of classification or shelving scheme Damaged status Not for loan Collection code Home library Current library Shelving location Date acquired Cost, normal purchase price Full call number Barcode Date last seen Price effective from Koha item type
    Library of Congress Classification     Reference AIU/NEGST - Tony Wilmot Memorial Library AIU/NEGST - Tony Wilmot Memorial Library Reference 02/05/2010 4.00 REF BS 325.J83 1996 R49017A3232 09/26/2019 02/05/2010 Africana collection ( Reference)